| 000 | 00908nam a22002177a 4500 | ||
|---|---|---|---|
| 999 |
_c12695 _d12695 |
||
| 003 | AR-CdUCM | ||
| 008 | 190409b ||||| |||| 00| 0 spa d | ||
| 020 | _a978-9972-2967-2-7 | ||
| 040 |
_aMUNICIPALIDAD PROVINCIAL DEL CUSCO _cBIBLIOTECA MUNICIPAL DEL CUSCO |
||
| 082 |
_a895.019 / _bP13 |
||
| 100 |
_aPacheco Medrano, Karina _91044 |
||
| 245 |
_aIncas, indios y fiestas : _bReivindicaciones y representaciones en la configuración de la identidad cusqueña / |
||
| 260 |
_aCusco : _bINC, _c2007. |
||
| 300 |
_a447 páginas ; _c22 cm. |
||
| 505 | _aContenido: El discurso indigenista en el Cusco -- Orígenes del discurso indigenista -- Efervescencia y expansión del indigenismo -- Del indigenismo a la reivindicación moderna... | ||
| 650 |
_aIndigenismo _9208 |
||
| 650 |
_aReivindicación indígena _930692 |
||
| 650 |
_aCusco indígena _930693 |
||
| 942 |
_2ddc _cLIBROS |
||
| 945 |
_arjall _d09/04/2019 |
||